How to have a happy marriage. (Record no. 14650)

000 -LEADER
fixed length control field 00672nam a2200193 a 4500
001 - CONTROL NUMBER
control field :::00012483$&:&@@
003 - CONTROL NUMBER IDENTIFIER
control field OkBaRHE
005 - DATE AND TIME OF LATEST TRANSACTION
control field 20000607103419.0
008 - FIXED-LENGTH DATA ELEMENTS--GENERAL INFORMATION
fixed length control field s1983 j 000 0 eng u
040 ## - CATALOGING SOURCE
Transcribing agency
100 1# - MAIN ENTRY--PERSONAL NAME
Personal name Mills, Dick.
245 10 - TITLE STATEMENT
Title How to have a happy marriage.
260 ## - PUBLICATION, DISTRIBUTION, ETC. (IMPRINT)
Place of publication, distribution, etc Tulsa, OK., :
Name of publisher, distributor, etc Harrison House
Date of publication, distribution, etc c1983
300 ## - PHYSICAL DESCRIPTION
Extent 91 p. ;
Dimensions 19 cm.
650 ## - SUBJECT ADDED ENTRY--TOPICAL TERM
Topical term or geographic name as entry element Marriage
942 ## - ADDED ENTRY ELEMENTS (KOHA)
Source of classification or shelving scheme
Koha item type Books
Copies
Current Location Copy number Koha item type Total Checkouts Source of classification or shelving scheme Date checked out Permanent Location Damaged status Date last seen Not for loan Date acquired Lost status Shelving location Full call number Barcode Price effective from Withdrawn status
RHEMA Bible Training College1Books1 2010-04-15RHEMA Bible Training College 2012-02-10 2010-04-14Long Overdue (Lost)General StacksHQ 734 .M5124832010-04-14 
RHEMA Bible Training College2Books   RHEMA Bible Training College 2010-04-14 2010-04-14 General StacksHQ 734 .M5153962010-04-14